[Event "Hessen-ch U16"]
[Site "Bad Homburg"]
[Date "2005.??.??"]
[Round "2"]
[White "Troetscher, Marcel"]
[Black "Dapprich, Maximilian"]
[Result "0-1"]
[WhiteElo "1097"]
[BlackElo "1564"]
[PlyCount "88"]
[EventDate "2005.04.??"]
[EventType "swiss"]
[EventRounds "8"]
[EventCountry "GER"]
[SourceTitle "EXT 2007"]
[Source "ChessBase"]
[SourceDate "2006.11.23"]
[SourceVersion "1"]
[SourceVersionDate "2006.11.23"]
[SourceQuality "1"]

1. e4 e5 2. Nf3 Nc6 3. Bb5 a6 4. Bxc6 dxc6 5. Nxe5 Qd4 6. Nf3 Qxe4+ 7. Qe2 Qxe2+ 8. Kxe2 g6 9. d4 Bg7 10. Re1 Be6 11. Ng5 Bxd4 12. Nxe6 fxe6 13. Kf1 Kf7 14. c3 Bg7 15. Bf4 Rc8 16. Nd2 Nf6 17. Nc4 Nh5 18. Ne5+ Ke7 19. Bg5+ Bf6 20. Bxf6+ Nxf6 21. g4 Rcd8 22. Rad1 Rxd1 23. Rxd1 Rd8 24. Rxd8 Kxd8 25. g5 Ne4 26. f4 Ke7 27. Ke2 Kd6 28. Kd3 Nf2+ 29. Kd4 c5+ 30. Kc4 b5+ 31. Kb3 c4+ 32. Kc2 Nh3 33. Kd2 Nxf4 34. Nf7+ Kd5 35. Ke3 Nd3 36. b3 cxb3 37. axb3 Ne5 38. c4+ bxc4 39. bxc4+ Nxc4+ 40. Kd3 Ne5+ 41. Nxe5 Kxe5 42. h4 Kf4 43. Kd4 e5+ 44. Kd5 e4 0-1